Paroles - 4 mots sur un piano - Fiori Goldman Ricol - Statistiques

Statistiques générales
  • Ce quiz a été pris 682 fois
  • Le résultat moyen est 185 sur 243
Statistiques - réponses
Paroles % Correct
a
99%
à
99%
mot
99%
mots
99%
piano,
99%
qu'à
99%
Quatre
99%
su
99%
sur
99%
un
99%
Un
99%
de
97%
je
97%
Je
97%
La
97%
la
97%
que
97%
Que
97%
ma
94%
c'est
93%
trop,
92%
trop
92%
laisse,
91%
le
91%
et
90%
me
90%
qu'elle
90%
Ne
89%
ne
89%
sais
87%
en
86%
elle,
85%
Elle
85%
autant
84%
moi
84%
Moi
84%
vie
84%
compter
83%
mes
83%
mon
83%
fait
82%
Vous
82%
vous
82%
deux
81%
deux,
81%
jamais
81%
n'ai?
81%
n'ai
81%
nous
81%
pour
81%
qui
81%
tout
81%
jour
79%
pas
79%
plus
79%
ça
78%
Mais
78%
mais
78%
rêve
78%
beau
77%
belle
77%
nuit
77%
amour
76%
choisir
76%
Choisir
76%
était
76%
cet
75%
j'aurais
75%
lui
75%
ou
75%
adieu
74%
autre
74%
ceux
73%
comme
73%
s'en
73%
vent,
73%
m'avez
72%
serait
72%
simple
72%
donc
71%
donne
71%
étiez
71%
trahir
71%
laissés
70%
Lucifer
70%
reste
70%
aimais
69%
parfait
69%
ses
69%
l'autre
68%
matin
68%
saurai-je
68%
sot?
68%
ailes,
67%
son
67%
vont,
67%
bien
66%
d'enfer
66%
Etait-elle
66%
était-elle
66%
rêves
66%
tant
66%
moins
64%
partager
64%
Trois
64%
années
63%
condamnée
63%
Depuis
63%
soufflait
63%
eau
62%
n'offrirais?
62%
faire
60%
belles
59%
boire
59%
envolés
59%
Les
59%
les
59%
pleurer,
59%
qu'aurait
59%
résumé
58%
suis-je
58%
assez?
57%
maigre
57%
sots?
55%
s'est
54%
banal,
53%
passé,
52%
cliché
50%
dansent
50%
funeste
50%
N'aime-t-on
50%
silences,
50%
regrets
49%
dénouement
48%
millions
48%
reine
48%
baisers,
47%
cachée
47%
absences
46%
Caresses,
44%
filiez
43%
vents
43%
égards
42%
Cartes
40%
jouées
40%
préférais
40%
sentences
38%
soupirs
37%
questions,
31%
très
29%
nouez,
27%
Cas
24%
Aucun quiz correspondant
Distribution des résultats
% des personnes avec chaque résultat
Percentile par nombre de réponses
Votre historique - résultats
Vous n’avez pas pris ce quiz